• 首页
  • 本馆介绍
  • 公告通知
  • 最新文献
  • 馆藏检索
  • 电子资源
  • 读者导购
  • 参考咨询
  • 我的图书馆
  • 登录
  • 详细信息显示
  • 放入我的书架
  • 预约/预借图书
  • 作者相关作品
  • 分类相关作品
  • 丛书相关作品
  • 出版社相关作品

书目信息

  • 表格格式
  • 工作单格式
  • 卡片格式
题名:
计算机游戏程序设计
    
 
作者: 耿卫东 , 陈为 编著
分册:  
出版信息: 北京   电子工业出版社  2006
页数: 11,345页
开本: 28cm
丛书名: 游戏学院经典书丛
单 册:
中图分类: TP311.5 , G899
科图分类:
主题词: 游戏--软件设计 , 文娱性体育活动
电子资源:
ISBN: 7-121-00982-X
000 01048oam2 2200301 450
001 07079000388
005 20070721100301.23
010    @a7-121-00982-X@dCNY36.00
100    @a20050910d2006 ekmy0chiy0110 ea
101 0  @achi
102    @aCN@b110000
105    @aa z 000yy
200 1  @a计算机游戏程序设计@Aji suan ji you xi cheng xu she ji@f耿卫东, 陈为编著
210    @a北京@c电子工业出版社@d2006
215    @a11,345页@c图@d28cm@e附光盘1片
225 2  @a游戏学院经典书丛
307    @a附光盘ISBN: 7-89496-610-X
330    @a本书着重介绍了计算机游戏程序设计所必需的专业领域知识,包括二维图形图像技术、三维图形图像技术、高级图形学编程、计算机动画技术、人工智能技术、高频处理技术和网络技术等。
461  0 @12001 @a游戏学院经典书丛
510 1  @aComputer Game Design and Programming@zeng
606 0  @a游戏@x软件设计
606 0  @a文娱性体育活动
690    @aTP311.5@v4
690    @aG899@v3
701  0 @a耿卫东@Ageng wei dong@4编著
701  0 @a陈为@Achen wei@4编著
801  0 @aCN@bTAOJIN@c20070721
905    @a10447@dG899@e261
    
    计算机游戏程序设计/耿卫东, 陈为编著.-北京:电子工业出版社,2006
    11,345页:图;28cm+附光盘1片.-(游戏学院经典书丛)
    
    
    ISBN 7-121-00982-X:CNY36.00
    本书着重介绍了计算机游戏程序设计所必需的专业领域知识,包括二维图形图像技术、三维图形图像技术、高级图形学编程、计算机动画技术、人工智能技术、高频处理技术和网络技术等。
●
相关链接 在E读中查询图书 在五车中查询图书 在当当中查询图书 在豆瓣中查询图书


正题名:计算机游戏程序设计     索取号:G899/261         预约/预借

序号 登录号 条形码 馆藏地/架位号 状态 备注
1 0822656   208226560   第一样本阅览室/ [索取号:G899/261] 在馆    
2 0822657   208226579   第四借阅区/ [索取号:G899/261] 在馆    
3 0822658   208226588   第四借阅区/ [索取号:G899/261] 在馆    
4 0822659   208226597   第四借阅区/ [索取号:G899/261] 在馆    
5 0822660   208226604   第四借阅区/ [索取号:G899/261] 在馆    
唐山师范学院图书馆 欢迎您!
大连网信软件有限公司© 版权所有